000 02550nam a2200433 i 4500
001 195466
003 ES-GrU
005 20250707163638.0
007 ta
008 240617t20232023sp gr 001 f spa|d
017 _aB 17025-2023
_bOficina del Depósito Legal Barcelona
020 _a9788408279990
040 _aES-MaUAMED
_bspa
_cES-MaUAMED
_dES-MaACL
_erda
080 _a821.111(73)-31"20"
100 _aYarros, Rebecca,
_d1981-
_9237037
_eaut
240 1 0 _aFourth Wing
_lespañol
245 1 0 _aAlas de sangre /
_cRebecca Yarros ; traducción de Graciela Romero Saldaña.
250 _aPrimera edición: noviembre de 2023. Sexta impresión: diciembre de 2023
264 1 _aBarcelona :
_bPlaneta,
_c[2023].
264 4 _c©2023
300 _a730 páginas ;
_c23 cm.
336 _atexto
_btxt
_2rdacontent
337 _asin mediación
_bn
_2rdamedia
338 _avolumen
_bnc
_2rdacarrier
490 1 _aEmpíreo ;
_v1
500 _aPrimer volumen de la saga Empíreo.
520 3 _aSinopsis: Violet Sorrengail creía que se uniría al Cuadrante de los Escribas para vivir una vida tranquila, sin embargo, por órdenes de su madre, debe unirse a los miles de candidatos que, en el Colegio de Guerra de Basgiath, luchan por formar parte de la élite de Navarre: el Cuadrante de los Jinetes de dragones.Cuando eres más pequeña y frágil que los demás tu vida corre peligro, porque los dragones no se vinculan con humanos débiles. Además, con más jinetes que dragones disponibles, muchos la matarían con tal de mejorar sus probabilidades de éxito; y hay otros, como el despiadado Xaden Riorson, el líder de ala más poderoso del Cuadrante de Jinetes, que la asesinarían simplemente por ser la hija de la comandante general. Para sobrevivir, necesitará aprovechar al máximo todo su ingenio. Mientras la guerra se torna más letal Violet sospecha que los líderes de Navarre esconden un terrible secreto...
_2(Fuente. la editorial)
521 _aA partir de 16 años
655 0 _9236495
_aNovelas fantásticas
700 _aRomero Saldaña, Graciela
_9237038
_etrl
830 0 _aEmpíreo ;
_v1
_9239989
852 _aES-MaACL
_cDEPOJ
_jN-9989
_hDonación: José Lázaro García
_xEncuadernación cartoné con sobrecubiertas
_9206137
903 _9234219
_aLázaro García, José
_ednr
942 _cMONOGRAFIA
_n0
999 _c195466
_d195466